| 000 | 00572nam a22001577a 4500 | ||
|---|---|---|---|
| 003 | NUST | ||
| 038 | _aNusrat Nadeem | ||
| 082 | _a200 | ||
| 100 |
_aZeeshan, Muhammad Asaad _9130533 |
||
| 245 |
_aAutomating Clinical Documentation: A Domain-Specific Multimodal Framework for Chest X-ray Report Retrieval/ _cMuhammad Asaad Zeeshan, |
||
| 264 |
_aIslamabad: _bSEECS NUST. _c2025. |
||
| 650 |
_aMS- Electrical Engineering _923567 |
||
| 700 |
_aSupervisor: Dr. Fahad Ahmed Satti _9127204 |
||
| 856 | _u http://10.250.8.41:8080/xmlui/handle/123456789/54425 | ||
| 942 |
_2ddc _cSC |
||
| 999 |
_c614730 _d614730 |
||